| 000 | 00406nam a22001697a 4500 | ||
|---|---|---|---|
| 003 | OSt | ||
| 005 | 20240104110032.0 | ||
| 008 | 220610b xxu||||| |||| 00| 0 eng d | ||
| 020 | _a9780070700239 | ||
| 040 | _cIIMT UNIVERSITY | ||
| 100 | _aDUGGAL S K | ||
| 245 | _aLIMIT STATE DESIGN OF STEEL STRUCTURE | ||
| 250 | _a4TH | ||
| 260 |
_aNEW DELHI _bMcGraw Hill _c2011 |
||
| 300 | _a835 | ||
| 942 |
_2ddc _c02 |
||
| 999 |
_c52161 _d52161 |
||